[Event "26th EUR-ch"]
[Site "Katowice POL"]
[Date "2026.04.14"]
[Round "7.234"]
[White "Tendera, Jan"]
[Black "Hrckova, Anna"]
[Result "0-1"]
[WhiteElo "1630"]
[BlackElo "1778"]
[EventDate "2026.04.07"]
[PlyCount "66"]

1.e4 e6 2.d4 d5 3.Nc3 Bb4 4.e5 c5 5.a3 Bxc3+ 6.bxc3 Ne7 7.h4 Nbc6 8.h5 h6 
9.Nf3 Qa5 10.Bd2 Qa4 11.Rh4 Nf5 12.Rf4 Bd7 13.g4 Nfe7 14.g5 Nf5 15.gxh6 
Nxh6 16.Bh3 Nf5 17.Bxf5 exf5 18.dxc5 Qa5 19.Nd4 Ne7 20.Rh4 O-O-O 21.Qe2 
Ng6 22.Nb3 Qc7 23.Rb4 Qxe5 24.h6 Rde8 25.Qxe5 Rxe5+ 26.Kf1 gxh6 27.Na5 f4 
28.Rab1 Rg8 29.f3 Nh4 30.Rxb7 Bh3+ 31.Kf2 Rg2+ 32.Kf1 Rxd2+ 33.Kg1 Nxf3+ 
0-1

[Event "26th EUR-ch"]
[Site "Katowice POL"]
[Date "2026.04.14"]
[Round "7.235"]
[White "Spanos, Nomikos"]
[Black "Babczynski, Zbigniew"]
[Result "1-0"]
[WhiteElo "1885"]
[BlackElo "1622"]
[EventDate "2026.04.07"]
[PlyCount "28"]

1.d4 Nf6 2.Nc3 d5 3.Bf4 e6 4.e3 a6 5.g4 e5 6.dxe5 Nxg4 7.Qxd5 Qe7 8.h3 g5 
9.Bg3 Nh6 10.O-O-O c6 11.Qa5 Be6 12.Ne4 Bg7 13.Nf6+ Bxf6 14.exf6 Qxf6 1-0

[Event "26th EUR-ch"]
[Site "Katowice POL"]
[Date "2026.04.14"]
[Round "7.236"]
[White "Demiroz, Alp"]
[Black "Domoradzki, Tomasz"]
[Result "1-0"]
[WhiteElo "1762"]
[BlackElo "1662"]
[EventDate "2026.04.07"]
[PlyCount "119"]

1.e4 c5 2.Nf3 a6 3.c4 Qc7 4.Nc3 e6 5.g3 Nc6 6.Bg2 b6 7.O-O Bb7 8.Re1 d6 9.
d3 Nge7 10.h4 g6 11.h5 h6 12.Be3 Bg7 13.Qd2 gxh5 14.Nh4 O-O-O 15.Bh3 Kb8 
16.Rac1 Ne5 17.Qe2 Bf6 18.Ng2 Rdg8 19.Kh1 Ng4 20.Bd2 Bd4 21.Rf1 d5 22.cxd5
Nxf2+ 23.Rxf2 Rxg3 24.Rf3 Rhg8 25.Bf4 Rxh3+ 26.Rxh3 e5 27.Bh2 Bc8 28.Rg3 
Bg4 29.Qf1 h4 30.Nxh4 Nc8 31.Qf6 h5 32.Rf1 Nd6 33.Nf5 Nxf5 34.Rxf5 Rf8 35.
Rg5 c4 36.R3xg4 hxg4 37.Rxe5 g3 38.Bxg3 Kb7 39.dxc4 Bxe5 40.Bxe5 Qd7 41.
Kg2 Rg8+ 42.Bg3 Rg6 43.Qf4 Rg8 44.Ne2 Rh8 45.Nd4 Rg8 46.Nf5 a5 47.b3 Ka6 
48.Qd6 Qe8 49.Ne7 Rg4 50.Kf3 f5 51.Bf2 Rg6 52.Qxg6 fxe4+ 53.Kxe4 Qxe7+ 54.
Qe6 Qh7+ 55.Kf4 Qh2+ 56.Kf3 Qh5+ 57.Qg4 Qh1+ 58.Ke2 Qh8 59.Qd4 Qh5+ 60.Kd2
1-0

[Event "26th EUR-ch"]
[Site "Katowice POL"]
[Date "2026.04.14"]
[Round "7.237"]
[White "Szymura, Oliwia"]
[Black "Vukazic, Zlatko"]
[Result "1-0"]
[WhiteElo "1516"]
[BlackElo "1744"]
[EventDate "2026.04.07"]
[PlyCount "59"]

1.e4 c5 2.Nc3 Nc6 3.d3 g6 4.Be3 d6 5.g3 Bg7 6.Bg2 Rb8 7.Qd2 b5 8.Nf3 b4 9.
Nd1 a5 10.h4 h5 11.d4 c4 12.d5 Ne5 13.Nxe5 Bxe5 14.Bd4 Qc7 15.f4 Bxd4 16.
Qxd4 Nf6 17.Bf1 O-O 18.Bxc4 Bd7 19.Ne3 Ng4 20.Nxg4 Bxg4 21.O-O Qd7 22.Rf2 
Rfc8 23.b3 Rc5 24.Re1 a4 25.e5 Qe8 26.exd6 Rxc4 27.Qxc4 e6 28.Qc7 Rc8 29.
d7 Rxc7 30.dxe8=Q+ 1-0

[Event "26th EUR-ch"]
[Site "Katowice POL"]
[Date "2026.04.14"]
[Round "7.238"]
[White "Klementys, Jerzy"]
[Black "Galuszka, Leon"]
[Result "1-0"]
[WhiteElo "1733"]
[BlackElo "1595"]
[EventDate "2026.04.07"]
[PlyCount "53"]

1.d4 Nf6 2.c4 e6 3.Nc3 Bb4 4.Qc2 O-O 5.a3 Bxc3+ 6.Qxc3 Ne4 7.Qc2 f5 8.Nf3 
b6 9.g3 Bb7 10.Bg2 d6 11.O-O Nd7 12.b4 c5 13.e3 Rc8 14.dxc5 dxc5 15.b5 Rf6
16.Bb2 Rh6 17.Rfd1 Qe8 18.a4 Ndf6 19.a5 Qh5 20.axb6 Nxg3 21.fxg3 Bxf3 22.
Bxf3 Qxf3 23.Bxf6 gxf6 24.bxa7 Kh8 25.Qg2 Qxe3+ 26.Kf1 Rxh2 27.a8=Q 1-0

[Event "26th EUR-ch"]
[Site "Katowice POL"]
[Date "2026.04.14"]
[Round "7.239"]
[White "Gospodarczyk, Wlodzimierz"]
[Black "Zychon, Rozalia"]
[Result "1-0"]
[WhiteElo "1727"]
[BlackElo "1473"]
[EventDate "2026.04.07"]
[PlyCount "83"]

1.Nf3 Nf6 2.c4 c5 3.Nc3 Nc6 4.d4 cxd4 5.Nxd4 g6 6.e3 Bg7 7.Be2 O-O 8.O-O 
e6 9.Ndb5 d5 10.cxd5 exd5 11.Bf3 Be6 12.Ne2 Ne5 13.Ned4 Nxf3+ 14.Nxf3 a6 
15.Nbd4 h6 16.Qb3 b5 17.Bd2 Ne4 18.Bb4 Re8 19.Rfd1 a5 20.Be1 b4 21.Rac1 
Bg4 22.h3 Bxf3 23.Nxf3 Qf6 24.Nd4 Qg5 25.a3 bxa3 26.bxa3 Rab8 27.Qd3 Rb2 
28.Nf3 Qf6 29.Qxd5 Qb6 30.Nd4 Bxd4 31.Rxd4 Nf6 32.Qxa5 Qb3 33.Qc3 Qa2 34.
Rb4 Rxb4 35.axb4 Ne4 36.Qc2 Qa8 37.Qc6 Qb8 38.b5 Nd6 39.b6 Rc8 40.Qxd6 
Qxd6 41.Rxc8+ Kg7 42.b7 1-0

[Event "26th EUR-ch"]
[Site "Katowice POL"]
[Date "2026.04.14"]
[Round "7.241"]
[White "Kozera, Patryk"]
[Black "Lewinski, Leon"]
[Result "1-0"]
[WhiteElo "1694"]
[BlackElo "1541"]
[EventDate "2026.04.07"]
[PlyCount "57"]

1.e4 c5 2.Nf3 d6 3.d4 cxd4 4.Nxd4 Nf6 5.Nc3 g6 6.Be3 Bg7 7.f3 O-O 8.Qd2 
Nc6 9.O-O-O Bd7 10.g4 Qa5 11.h4 Nxd4 12.Bxd4 Be6 13.Kb1 Rfc8 14.a3 Rab8 
15.h5 b5 16.hxg6 hxg6 17.Qg5 Qc7 18.e5 Nd5 19.exd6 Qxd6 20.Nxd5 Qxd5 21.
Qxd5 Bxd5 22.Be2 Bxd4 23.Rxd4 Be6 24.g5 Rc5 25.Rdh4 Rxg5 26.Rh8+ Kg7 27.
Rxb8 Rg2 28.Bxb5 Bf5 29.Bd3 1-0

[Event "26th EUR-ch"]
[Site "Katowice POL"]
[Date "2026.04.14"]
[Round "7.245"]
[White "Rudowski, Szymon"]
[Black "Pilch, Anna"]
[Result "1-0"]
[WhiteElo "1809"]
[BlackElo "1699"]
[EventDate "2026.04.07"]
[PlyCount "107"]

1.e4 c5 2.Nf3 e6 3.d4 cxd4 4.Nxd4 a6 5.c4 Qc7 6.Nc3 Nf6 7.Qd3 Bc5 8.Nb3 
Be7 9.Be2 Nc6 10.Qg3 Qxg3 11.hxg3 O-O 12.Bf4 d6 13.O-O-O e5 14.Be3 Be6 15.
f3 Rfe8 16.g4 Rac8 17.g5 Nd7 18.Kb1 g6 19.Nd5 Bd8 20.Rc1 Kg7 21.g3 Rh8 22.
Rhd1 Re8 23.a3 Rf8 24.Rd3 Bxd5 25.exd5 Ne7 26.g4 f6 27.gxf6+ Nxf6 28.Nd2 
Nd7 29.Ne4 Bc7 30.Ng5 Rfe8 31.Ne6+ Kg8 32.Rb3 b5 33.Nxc7 Rxc7 34.cxb5 
Rxc1+ 35.Bxc1 Nxd5 36.bxa6 Nc5 37.Bc4 Nxb3 38.Bxd5+ Kf8 39.a7 Nxc1 40.Kxc1
h5 41.gxh5 gxh5 42.Kd1 Ke7 43.a8=Q Rxa8 44.Bxa8 Ke6 45.a4 Kd7 46.Bd5 Kc7 
47.b4 Kb6 48.a5+ Kb5 49.Ke1 Kxb4 50.a6 Kc5 51.Be4 Kb6 52.Bd3 d5 53.Kf2 h4 
54.Kg2 1-0

[Event "26th EUR-ch"]
[Site "Katowice POL"]
[Date "2026.04.14"]
[Round "7.246"]
[White "Stawecki, Bartlomiej"]
[Black "Sopel, Jonatan Jan"]
[Result "1-0"]
[WhiteElo "1776"]
[BlackElo "1433"]
[EventDate "2026.04.07"]
[PlyCount "109"]

1.e4 d6 2.d4 g6 3.Nc3 Bg7 4.Be3 Nd7 5.Qd2 b6 6.Bc4 h6 7.O-O-O Bb7 8.f4 e6 
9.Nf3 Ngf6 10.f5 Qe7 11.e5 dxe5 12.fxe6 fxe6 13.Nxe5 Nxe5 14.dxe5 Nd7 15.
Nb5 Nxe5 16.Bb3 a6 17.Nd4 O-O-O 18.Qe2 Rd6 19.Bf4 Qf6 20.Rhf1 Nd3+ 21.Rxd3
Rxd4 22.Be3 Rxd3 23.Rxf6 Rxb3 24.Bd4 Rb4 25.Qxe6+ Kb8 26.c3 Rb5 27.Rxg6 
Bxd4 28.cxd4 Rg5 29.g3 Ra5 30.Rxh6 Rf8 31.Rf6 Rd8 32.Rf4 Rh8 33.h4 Rc8 34.
a3 Ka7 35.g4 Rd5 36.g5 c5 37.Rf7 cxd4+ 38.Qxc8 Rc5+ 39.Qxc5 bxc5 40.g6 Kb6
41.g7 Bd5 42.g8=Q Bxf7 43.Qxf7 Kb5 44.Qb7+ Kc4 45.Kd2 d3 46.Qxa6+ Kd4 47.
Qxd3+ Ke5 48.Qg6 c4 49.h5 c3+ 50.Kxc3 Kd5 51.Qf6 Kc5 52.Qe6 Kb5 53.Qd6 Ka5
54.Kc4 Ka4 55.Qb4# 1-0

[Event "26th EUR-ch"]
[Site "Katowice POL"]
[Date "2026.04.14"]
[Round "7.249"]
[White "Prazak, Daniel"]
[Black "Nowak, Lukasz"]
[Result "1/2-1/2"]
[WhiteElo "2339"]
[BlackElo "2166"]
[EventDate "2026.04.07"]
[PlyCount "195"]

1.e4 e5 2.Nf3 Nc6 3.Bc4 Nf6 4.d3 Be7 5.Nc3 O-O 6.a3 d6 7.h3 Be6 8.Nd5 Nd4 
9.Nxd4 exd4 10.Nxf6+ Bxf6 11.Bxe6 fxe6 12.Qg4 e5 13.O-O Qc8 14.Qe2 c5 15.
a4 Qe6 16.Bd2 b6 17.Rfb1 Rfc8 18.c4 a5 19.Rf1 Rf8 20.Kh2 Bd8 21.g3 g5 22.
Qh5 Qg6 23.Qxg6+ hxg6 24.f4 gxf4 25.gxf4 exf4 26.Bxf4 Be7 27.Bg3 Rxf1 28.
Rxf1 Rf8 29.Rxf8+ Kxf8 30.Kg2 Kf7 31.Kf3 Ke6 32.Kg4 Kd7 33.e5 dxe5 34.Bxe5
Bd8 35.Kf4 Be7 36.Ke4 Bd8 37.Kd5 Be7 38.Bg7 Bd8 39.Ke5 Be7 40.Bf6 Bd6+ 41.
Kd5 Bc7 42.Bh4 Bf4 43.Bf6 Bc7 44.Bg7 Bd8 45.Bf8 Bc7 46.Bh6 Bg3 47.Bg7 Bc7 
48.Be5 Bd8 49.Bd6 Bh4 50.Bb8 Bd8 51.Ke5 Be7 52.Kf4 Bd8 53.Kg4 Ke6 54.Bf4 
Kf7 55.Bh6 Ke6 56.Bf8 Kf7 57.Bd6 Ke6 58.Bb8 Kd7 59.Kf4 Ke6 60.Kf3 Kf5 61.
Bf4 Ke6 62.Ke4 Kd7 63.Bg3 Ke6 64.Bh2 Kd7 65.Kd5 Be7 66.b3 Bd8 67.Bd6 Bh4 
68.Bf8 Bd8 69.Bg7 Be7 70.Ke5 Bd8 71.Bf6 Bc7+ 72.Kd5 Bg3 73.Ke4 Bc7 74.Be5 
Bd8 75.Kf4 Ke6 76.Bb8 Kd7 77.Ke5 Be7 78.Ke4 Bd8 79.Kf4 Ke6 80.Kg4 Kf7 81.
Bf4 Ke6 82.Bb8 Kf7 83.Kf4 Ke6 84.Ke4 Kd7 85.Ke5 Be7 86.Kd5 Bd8 87.Be5 Be7 
88.Bh8 Bd6 89.Bf6 Bc7 90.Bg5 Bg3 91.Ke4 Bc7 92.Kd5 Bg3 93.Bd2 Bc7 94.Bc1 
Bd6 95.Bh6 Bc7 96.Bd2 Bd6 97.Bc1 Bc7 98.Bg5 1/2-1/2

[Event "26th EUR-ch"]
[Site "Katowice POL"]
[Date "2026.04.15"]
[Round "8.1"]
[White "Suleymanli, Aydin"]
[Black "Kacharava, Nikolozi"]
[Result "1/2-1/2"]
[WhiteElo "2653"]
[BlackElo "2500"]
[EventDate "2026.04.07"]
[PlyCount "50"]

1.e4 e5 2.Nf3 Nc6 3.Bc4 Bc5 4.c3 Nf6 5.d4 exd4 6.e5 d5 7.Bb5 Ne4 8.cxd4 
Bb6 9.Nc3 O-O 10.Be3 f5 11.exf6 Nxf6 12.Bxc6 bxc6 13.Ne5 Qd6 14.O-O c5 15.
dxc5 Bxc5 16.Bxc5 Qxc5 17.Rc1 Qd6 18.Re1 Rb8 19.Na4 Bd7 20.Nc5 Rxb2 21.
Ncxd7 Nxd7 22.Rc6 Rfxf2 23.Rxd6 Rxg2+ 24.Kh1 Rxh2+ 25.Kg1 Rhg2+ 1/2-1/2

[Event "26th EUR-ch"]
[Site "Katowice POL"]
[Date "2026.04.15"]
[Round "8.2"]
[White "Deac, Bogdan-Daniel"]
[Black "Iturrizaga Bonelli, Eduardo"]
[Result "1/2-1/2"]
[WhiteElo "2655"]
[BlackElo "2575"]
[EventDate "2026.04.07"]
[PlyCount "45"]

1.d4 Nf6 2.c4 e6 3.Nc3 Bb4 4.e3 O-O 5.Bd3 d5 6.cxd5 exd5 7.a3 Bd6 8.Qc2 c6
9.Nge2 Re8 10.Bd2 Nbd7 11.O-O g6 12.Nf4 b6 13.f3 Bb7 14.b4 c5 15.bxc5 bxc5
16.Rfb1 Rb8 17.Kh1 a6 18.a4 Qc7 19.Qc1 Rbc8 20.Nce2 c4 21.Bc2 Bc6 22.g3 
Nf8 23.Nc3 1/2-1/2

[Event "26th EUR-ch"]
[Site "Katowice POL"]
[Date "2026.04.15"]
[Round "8.3"]
[White "Kazakouski, Valery"]
[Black "Sargsian, Shant"]
[Result "1-0"]
[WhiteElo "2572"]
[BlackElo "2647"]
[EventDate "2026.04.07"]
[PlyCount "151"]

1.d4 Nf6 2.c4 g6 3.Nc3 Bg7 4.e4 d6 5.h3 O-O 6.Be3 Nc6 7.d5 Ne5 8.g4 c6 9.
f4 Ned7 10.Nf3 cxd5 11.cxd5 b6 12.Bd3 Nc5 13.Bc2 e6 14.dxe6 fxe6 15.O-O 
Bb7 16.Ng5 Qe7 17.b4 Na6 18.Bb3 Nc7 19.Qd3 d5 20.e5 Nd7 21.Rac1 Rac8 22.
Qd2 Kh8 23.Ne2 Ba6 24.Rfe1 Bxe2 25.Rxe2 Nb5 26.Rxc8 Rxc8 27.Qd3 a6 28.Rc2 
Rxc2 29.Bxc2 Bh6 30.a4 Nc7 31.Qc3 d4 32.Qxd4 Bxg5 33.fxg5 Nd5 34.Bd2 Qg7 
35.Bb3 Nxe5 36.Qe4 Qc7 37.Bxd5 exd5 38.Qxd5 Nf7 39.Kg2 Kg8 40.Qa8+ Qd8 41.
Qxd8+ Nxd8 42.Kf3 Kf7 43.Ke4 Ke6 44.Be3 Nf7 45.Bf4 Nd8 46.Kd4 Nc6+ 47.Kc4 
Ne7 48.a5 bxa5 49.bxa5 Nc6 50.Bd2 Kd6 51.Bc3 Nd8 52.Bb4+ Kc6 53.h4 Ne6 54.
Be1 Kd6 55.Bg3+ Kc6 56.Bh2 Nc5 57.Bf4 Nb7 58.Bd2 Nc5 59.Be1 Nb7 60.Kd4 Kd6
61.Bd2 Nd8 62.Bf4+ Kd7 63.Kd5 Nb7 64.Bd2 Nd6 65.Bb4 Nf7 66.Bc3 Ke7 67.Kc6 
Nd8+ 68.Kb6 Kd7 69.Kxa6 Kc6 70.Ka7 Ne6 71.Be1 Nc5 72.Bf2 Nd7 73.Bb6 Ne5 
74.Kb8 Nxg4 75.a6 Ne5 76.Bd4 1-0

[Event "26th EUR-ch"]
[Site "Katowice POL"]
[Date "2026.04.15"]
[Round "8.4"]
[White "Dudin, Gleb"]
[Black "Donchenko, Alexander"]
[Result "1/2-1/2"]
[WhiteElo "2566"]
[BlackElo "2642"]
[EventDate "2026.04.07"]
[PlyCount "55"]

1.c4 c5 2.Nf3 Nf6 3.Nc3 e6 4.g3 b6 5.Bg2 Bb7 6.O-O Be7 7.Re1 d5 8.cxd5 
Nxd5 9.e4 Nb4 10.d4 cxd4 11.Nxd4 N8c6 12.Nxc6 Qxd1 13.Rxd1 Bxc6 14.Bf4 g5 
15.Bd6 Rd8 16.e5 Bxg2 17.Kxg2 Bxd6 18.exd6 f5 19.Rac1 Kd7 20.Nb5 Rc8 21.
Nxa7 Rxc1 22.Rxc1 Nd5 23.Nb5 Ra8 24.a3 Ra5 25.Nd4 Ra4 26.Nb5 Ra5 27.Nd4 
Ra4 28.Nb5 1/2-1/2

[Event "26th EUR-ch"]
[Site "Katowice POL"]
[Date "2026.04.15"]
[Round "8.5"]
[White "Can, Isik"]
[Black "Gurel, Ediz"]
[Result "0-1"]
[WhiteElo "2563"]
[BlackElo "2635"]
[EventDate "2026.04.07"]
[PlyCount "88"]

1.e4 c5 2.Nc3 Nc6 3.Nge2 Nf6 4.d4 cxd4 5.Nxd4 e5 6.Ndb5 d6 7.Nd5 Nxd5 8.
exd5 Nb8 9.a4 Be7 10.Be2 O-O 11.O-O Nd7 12.b4 a6 13.Na3 b6 14.Nc4 a5 15.c3
Qc7 16.Be3 Ba6 17.Na3 Bxe2 18.Qxe2 Qxc3 19.Rfc1 Qb3 20.Qb5 Rfd8 21.Rcb1 
Qc3 22.Nc4 axb4 23.Nxb6 Nxb6 24.Bxb6 Rdb8 25.a5 Kf8 26.Rc1 Qd2 27.Rab1 g6 
28.h3 Kg7 29.Rd1 Qc3 30.Rdc1 Qd2 31.Rc6 b3 32.Rcc1 b2 33.Rd1 Qc2 34.Qd7 
Rxb6 35.axb6 Qxd1+ 36.Rxd1 Ra1 37.Qg4 Rc1 38.b7 b1=Q 39.Rxc1 Qxc1+ 40.Kh2 
Qb2 41.Qc8 Bg5 42.Kg1 Qa1+ 43.Kh2 Qd4 44.Kg1 Bh4 0-1

[Event "26th EUR-ch"]
[Site "Katowice POL"]
[Date "2026.04.15"]
[Round "8.6"]
[White "Anton Guijarro, David"]
[Black "Malek, Jan"]
[Result "1-0"]
[WhiteElo "2656"]
[BlackElo "2533"]
[EventDate "2026.04.07"]
[PlyCount "77"]

1.d4 d5 2.c4 e6 3.Nc3 Nf6 4.cxd5 exd5 5.Bg5 Be7 6.e3 O-O 7.Bd3 Re8 8.Nge2 
c6 9.h3 Nbd7 10.Qc2 Ne4 11.Bxe4 dxe4 12.Bf4 Nf6 13.Be5 Bf8 14.O-O Nd5 15.
Nxd5 cxd5 16.Rfc1 Bd7 17.Nc3 Bc6 18.Qd1 Qd7 19.Rab1 Rac8 20.Rc2 b6 21.Rbc1
Bb7 22.Qg4 f5 23.Qg3 Ba6 24.Ne2 Rxc2 25.Rxc2 Rc8 26.Rxc8 Bxc8 27.Nf4 Qf7 
28.h4 b5 29.h5 a5 30.a3 b4 31.a4 Bd7 32.h6 g6 33.Nh5 Be7 34.Bc7 g5 35.Qe5 
Bxa4 36.Bxa5 Bd7 37.Bxb4 Bxb4 38.Nf6+ Kf8 39.Nxd7+ 1-0

[Event "26th EUR-ch"]
[Site "Katowice POL"]
[Date "2026.04.15"]
[Round "8.7"]
[White "Martirosian, Haik"]
[Black "Seemann, Jakub"]
[Result "1/2-1/2"]
[WhiteElo "2633"]
[BlackElo "2545"]
[EventDate "2026.04.07"]
[PlyCount "49"]

1.d4 Nf6 2.c4 g6 3.Nc3 Bg7 4.e4 d6 5.Nf3 O-O 6.Bd3 Nc6 7.d5 Nb4 8.Be2 e6 
9.O-O Re8 10.Be3 exd5 11.exd5 Na6 12.Bd4 Nc5 13.b4 Nce4 14.Rc1 a5 15.a3 
Bg4 16.Nxe4 Nxe4 17.Bxg7 Kxg7 18.Nd4 Bxe2 19.Qxe2 axb4 20.axb4 Qf6 21.Ne6+
fxe6 22.Qxe4 exd5 23.Qxd5 c6 24.Qd2 Re4 25.b5 1/2-1/2

[Event "26th EUR-ch"]
[Site "Katowice POL"]
[Date "2026.04.15"]
[Round "8.8"]
[White "Kosakowski, Jakub"]
[Black "Bjerre, Jonas Buhl"]
[Result "1/2-1/2"]
[WhiteElo "2533"]
[BlackElo "2623"]
[EventDate "2026.04.07"]
[PlyCount "66"]

1.e4 e5 2.Nf3 Nc6 3.Nc3 Nf6 4.d4 exd4 5.Nxd4 Bb4 6.Nxc6 bxc6 7.Bd3 O-O 8.
O-O d5 9.exd5 cxd5 10.h3 c6 11.Qf3 Bd6 12.Bf4 Qc7 13.Ne2 Re8 14.Rfd1 Bd7 
15.b3 Bxf4 16.Nxf4 Re5 17.Rac1 Rae8 18.c4 dxc4 19.Rxc4 c5 20.Rcc1 h6 21.
Qg3 Rg5 22.Qh2 Bc6 23.Bf1 Qa5 24.Nd3 Qxa2 25.Qc7 Bd5 26.Nxc5 Rf5 27.Nd3 
Bxb3 28.Ra1 Qc2 29.Qxc2 Bxc2 30.Rdc1 Bxd3 31.Bxd3 Rd5 32.Bc4 Rde5 33.Rxa7 
R5e7 1/2-1/2

[Event "26th EUR-ch"]
[Site "Katowice POL"]
[Date "2026.04.15"]
[Round "8.9"]
[White "Lagarde, Maxime"]
[Black "Stefansson, Vignir Vatnar"]
[Result "1-0"]
[WhiteElo "2621"]
[BlackElo "2512"]
[EventDate "2026.04.07"]
[PlyCount "51"]

1.e4 e5 2.Nf3 Nc6 3.Bb5 Nf6 4.O-O Nxe4 5.d4 Nd6 6.Ba4 e4 7.Ne5 Be7 8.Nc3 
O-O 9.Re1 Bg5 10.Bb3 Bxc1 11.Rxc1 Qg5 12.Nd5 Nxe5 13.dxe5 Ne8 14.Rxe4 d6 
15.f4 Qh4 16.Qe1 Qxe1+ 17.Rcxe1 dxe5 18.Rxe5 Be6 19.f5 Bxd5 20.Rxd5 Nd6 
21.c4 b6 22.c5 Nb7 23.c6 Nd8 24.Rd7 Nxc6 25.Bd5 Nb8 26.Rxf7 1-0

[Event "26th EUR-ch"]
[Site "Katowice POL"]
[Date "2026.04.15"]
[Round "8.10"]
[White "Maurizzi, Marc`Andria"]
[Black "Meshkovs, Nikita"]
[Result "0-1"]
[WhiteElo "2608"]
[BlackElo "2532"]
[EventDate "2026.04.07"]
[PlyCount "66"]

1.d4 Nf6 2.c4 e6 3.Nc3 Bb4 4.e3 O-O 5.a3 Bxc3+ 6.bxc3 c5 7.Ne2 Ne4 8.f3 
Nd6 9.Ng3 Qh4 10.e4 cxd4 11.c5 Ne8 12.cxd4 b6 13.Be3 bxc5 14.dxc5 f5 15.
Bf2 Qf6 16.Bd3 Qc3+ 17.Kf1 Ba6 18.Bxa6 Nxa6 19.Rc1 Qb2 20.exf5 Nec7 21.Bd4
Qxa3 22.Kf2 Nb4 23.Ra1 Qd3 24.Re1 exf5 25.Be5 Qc4 26.Ra3 Nb5 27.Rb3 Qxc5+ 
28.Kf1 Rae8 29.Bxg7 Rxe1+ 30.Qxe1 Qc4+ 31.Kg1 Qxb3 32.Bxf8 Kxf8 33.Nxf5 
Nc6 0-1

[Event "26th EUR-ch"]
[Site "Katowice POL"]
[Date "2026.04.15"]
[Round "8.11"]
[White "Dehtiarov, Roman"]
[Black "Lodici, Lorenzo"]
[Result "1-0"]
[WhiteElo "2452"]
[BlackElo "2601"]
[EventDate "2026.04.07"]
[PlyCount "73"]

1.e4 e6 2.d4 d5 3.Nc3 Nf6 4.e5 Nfd7 5.f4 c5 6.Nf3 Nc6 7.Be3 Rb8 8.Be2 Be7 
9.Qd2 O-O 10.dxc5 Nxc5 11.O-O a6 12.Nd4 Bd7 13.Bd3 b5 14.Nce2 Na5 15.b3 
Nc4 16.bxc4 dxc4 17.Bxh7+ Kxh7 18.Ng3 g6 19.Rad1 Qc7 20.Qf2 Qc8 21.Nf3 b4 
22.Ng5+ Kg7 23.h4 Rb5 24.h5 Qb7 25.Qe2 Rh8 26.Qg4 Rh6 27.Nxf7 Rxh5 28.Nd6 
Rh4 29.Qxh4 Bxh4 30.Nxb7 Rxb7 31.Bxc5 Bxg3 32.Rd4 g5 33.fxg5 Bxe5 34.Re4 
Bc3 35.Be7 e5 36.Bf6+ Kg6 37.Rh4 1-0

[Event "26th EUR-ch"]
[Site "Katowice POL"]
[Date "2026.04.15"]
[Round "8.12"]
[White "Aizenberg, Benny"]
[Black "Yuffa, Daniil"]
[Result "1-0"]
[WhiteElo "2451"]
[BlackElo "2595"]
[EventDate "2026.04.07"]
[PlyCount "89"]

1.e4 e5 2.Nf3 Nc6 3.Bb5 a6 4.Ba4 Nf6 5.O-O Bc5 6.c3 b5 7.Bc2 d5 8.exd5 
Qxd5 9.Bb3 Qd3 10.Bc2 Qd6 11.a4 b4 12.d3 O-O 13.Nbd2 Bg4 14.Nc4 Qe6 15.Be3
Bxe3 16.Nxe3 Bh5 17.h3 e4 18.dxe4 Rad8 19.Qe2 bxc3 20.bxc3 Nxe4 21.Ng4 Ng5
22.Qxe6 Nxf3+ 23.gxf3 fxe6 24.Kg2 Ne7 25.Be4 Nd5 26.Bxd5 exd5 27.Rfe1 Rfe8
28.Re3 Rb8 29.Rd1 c6 30.Ne5 Re6 31.Rd4 Rf8 32.c4 dxc4 33.Rxc4 h6 34.f4 
Rff6 35.Ng4 Bxg4 36.hxg4 Rd6 37.Kg3 Rd1 38.Re8+ Kh7 39.Ra8 Rd3+ 40.f3 h5 
41.g5 Re6 42.f5 Red6 43.Rh4 g6 44.Re4 Rd7 45.f6 1-0

[Event "26th EUR-ch"]
[Site "Katowice POL"]
[Date "2026.04.15"]
[Round "8.13"]
[White "Kuru, Atilla"]
[Black "Abasov, Nijat"]
[Result "0-1"]
[WhiteElo "2444"]
[BlackElo "2586"]
[EventDate "2026.04.07"]
[PlyCount "164"]

1.e4 c5 2.Nf3 d6 3.d4 cxd4 4.Nxd4 Nf6 5.Nc3 Nc6 6.Bg5 e6 7.Qd3 Bd7 8.Ndb5 
Nb4 9.Qd1 Qb8 10.Bf4 e5 11.Bg5 a6 12.Na3 b5 13.g3 Be7 14.Bg2 O-O 15.O-O 
Be6 16.Qd2 Rc8 17.f4 h6 18.Bxf6 Bxf6 19.f5 Bd7 20.h4 a5 21.Kh2 Bc6 22.Nd1 
Qb7 23.Nf2 Na6 24.Rae1 Rd8 25.Ng4 Kh7 26.c4 Nc5 27.Nxb5 Bxb5 28.cxb5 Qxb5 
29.Rd1 Rab8 30.Rf2 Na4 31.b3 Nb6 32.Rc1 d5 33.exd5 Nxd5 34.Qe2 Qb6 35.Rff1
Rd6 36.Qc4 Rbd8 37.Rcd1 Rc6 38.Qd3 Rc3 39.Qd2 Qc5 40.Nxf6+ gxf6 41.Qe2 Rc2
42.Rd2 Nb4 43.Rxc2 Qxc2 44.Rf2 Qc5 45.Qc4 Qxc4 46.bxc4 Rd3 47.c5 Kg7 48.
Be4 Re3 49.Bb7 Rc3 50.c6 Nxc6 51.Bxc6 Rxc6 52.Kh3 Rc3 53.Kg4 a4 54.Rd2 h5+
55.Kh3 Rc1 56.Rd3 Rc4 57.Rd2 Rc3 58.Rb2 a3 59.Rd2 Kf8 60.Kg2 Ke7 61.Kf2 
Rc4 62.Ke3 Rg4 63.Kf3 Rb4 64.Ke2 Rb2 65.Ke3 Kf8 66.Rd8+ Kg7 67.Rd2 e4 68.
Rd8 Rxa2 69.Kxe4 Ra1 70.Rd2 Rb1 71.Kd4 Rg1 72.Kc4 Rxg3 73.Rh2 Kf8 74.Kb4 
Ke7 75.Rd2 Rh3 76.Ka4 Kf8 77.Kb4 Kg7 78.Rf2 Kh6 79.Ka4 Rxh4+ 80.Kxa3 Kg5 
81.Kb3 Rf4 82.Rg2+ Rg4 0-1

[Event "26th EUR-ch"]
[Site "Katowice POL"]
[Date "2026.04.15"]
[Round "8.14"]
[White "Kempinski, Robert"]
[Black "Kovalenko, Igor"]
[Result "1/2-1/2"]
[WhiteElo "2527"]
[BlackElo "2685"]
[EventDate "2026.04.07"]
[PlyCount "88"]

1.d4 Nf6 2.c4 e6 3.Nf3 d5 4.e3 Nbd7 5.b3 b6 6.Bd3 Bb7 7.O-O Bd6 8.Nc3 O-O 
9.Bb2 Ne4 10.Rc1 a6 11.Ne2 Ng5 12.Nxg5 Qxg5 13.Ng3 Nf6 14.f4 Qh4 15.Qe1 
dxc4 16.bxc4 Bb4 17.Bc3 Bxc3 18.Rxc3 c5 19.Ne4 Qh6 20.Nxf6+ Qxf6 21.Rb3 b5
22.dxc5 Rfc8 23.cxb5 axb5 24.Qb1 Bd5 25.Rxb5 Qc3 26.Rf2 g6 27.e4 Bxa2 28.
Qc2 Qd4 29.Bf1 e5 30.Qd3 Qxd3 31.Bxd3 exf4 32.Rxf4 Ra3 33.Rf2 Be6 34.Bb1 
Bd7 35.Rb7 Bc6 36.Rb4 Ra5 37.Ba2 Rc7 38.Rc2 Ba4 39.Rf2 Bc6 40.Rc2 Ba4 41.
Rf2 Kg7 42.Bd5 Bc6 43.Bxc6 Rxc6 44.Rb7 Ra1+ 1/2-1/2

[Event "26th EUR-ch"]
[Site "Katowice POL"]
[Date "2026.04.15"]
[Round "8.15"]
[White "Hovhannisian, Robert"]
[Black "Petkov, Momchil"]
[Result "1-0"]
[WhiteElo "2621"]
[BlackElo "2517"]
[EventDate "2026.04.07"]
[PlyCount "83"]

1.e4 c5 2.Nf3 d6 3.d4 cxd4 4.Nxd4 Nf6 5.Nc3 a6 6.Be2 e5 7.Nb3 Be6 8.Qd3 
Nbd7 9.O-O Rc8 10.a4 Be7 11.Nd5 Bxd5 12.exd5 Nb6 13.Bd2 Qd7 14.a5 Nbxd5 
15.c4 Nc7 16.f4 Ne6 17.Rad1 Qc7 18.f5 Nc5 19.Nxc5 Qxc5+ 20.Kh1 O-O 21.b4 
Qc7 22.Be3 d5 23.cxd5 Bxb4 24.d6 Qxa5 25.Bg5 Rfd8 26.Qf3 Rc6 27.Bxf6 gxf6 
28.d7 Kf8 29.Rd5 Qa2 30.Rfd1 Rc2 31.Qe4 a5 32.Qh4 Qxd5 33.Rxd5 Rxe2 34.g4 
Ke7 35.g5 Rxd7 36.gxf6+ Kd8 37.Rxd7+ Kxd7 38.Qc4 Re1+ 39.Kg2 Rd1 40.Qxf7+ 
Kc6 41.Qe8+ Kc7 42.Qxe5+ 1-0

[Event "26th EUR-ch"]
[Site "Katowice POL"]
[Date "2026.04.15"]
[Round "8.16"]
[White "Boruchovsky, Avital"]
[Black "Ivanchuk, Vasyl"]
[Result "1/2-1/2"]
[WhiteElo "2510"]
[BlackElo "2621"]
[EventDate "2026.04.07"]
[PlyCount "99"]

1.c4 Nf6 2.Nc3 e6 3.e4 d5 4.cxd5 exd5 5.e5 Ne4 6.Nf3 Bf5 7.a3 Qd7 8.d4 Nc6
9.Bd3 f6 10.O-O fxe5 11.dxe5 Nxc3 12.bxc3 O-O-O 13.Rb1 Bc5 14.Rb5 Bxd3 15.
Qxd3 Be7 16.Be3 Rhf8 17.Rd1 Rxf3 18.gxf3 Nxe5 19.Qxd5 Qc6 20.Qxd8+ Bxd8 
21.Rxe5 Qxf3 22.Rd4 Qc6 23.Ree4 Bf6 24.Rc4 Qd5 25.a4 b6 26.f3 Kb7 27.Kg2 
Qd3 28.Bf2 c5 29.a5 Bxc3 30.axb6 axb6 31.Re7+ Ka6 32.Rce4 Bf6 33.R7e6 Qd5 
34.Bg3 Kb7 35.Re8 Qd2+ 36.Re2 Qd7 37.R2e6 Ka7 38.Bd6 Qa4 39.Bc7 Qc2+ 40.
Kg3 Qg6+ 41.Kh3 Qh6+ 42.Kg2 Qd2+ 43.Kg3 Kb7 44.Bxb6 h5 45.f4 Qd3+ 46.Kf2 
Qd2+ 47.Kf3 Qd3+ 48.Kf2 Qd5 49.Kg3 Qd3+ 50.Kf2 1/2-1/2

[Event "26th EUR-ch"]
[Site "Katowice POL"]
[Date "2026.04.15"]
[Round "8.17"]
[White "Talibov, Shiroghlan"]
[Black "Korobov, Anton"]
[Result "0-1"]
[WhiteElo "2482"]
[BlackElo "2610"]
[EventDate "2026.04.07"]
[PlyCount "120"]

1.e4 c5 2.Nf3 e6 3.d4 cxd4 4.Nxd4 a6 5.Bd3 Bc5 6.Nb3 Be7 7.Qg4 Nf6 8.Qg3 
d6 9.O-O Nc6 10.Nc3 b5 11.f4 O-O 12.e5 Ne8 13.a4 bxa4 14.Rxa4 Rb8 15.exd6 
Nxd6 16.Na2 Nf5 17.Qh3 Qd7 18.Re4 Rd8 19.Nd2 Bb7 20.Ree1 Qd5 21.Nc4 g6 22.
Kh1 Ba8 23.Nc3 Qd4 24.Bxf5 exf5 25.b3 Qg7 26.Na4 Bf6 27.Ncb6 Nb4 28.Nxa8 
Rxa8 29.Rd1 Nxc2 30.Nb6 Rab8 31.Nd7 Rbc8 32.Qd3 Bd4 33.Ne5 Qf6 34.Nc4 Nb4 
35.Qf3 Nd5 36.Rd3 Nc3 37.h3 Ne4 38.Kh2 Nc5 39.Rdd1 Rb8 40.Na5 Rb5 41.Be3 
Bxe3 42.Qxe3 Rdb8 43.Rd5 Ne6 44.Rfd1 Rb4 45.Rd6 Re4 46.Qd2 Qh4 47.g3 Qh5 
48.Re1 Qf3 49.Rd3 Qxd3 50.Qxd3 Rxe1 51.Nc6 Re8 52.Qc4 Ng5 53.Ne5 Nf3+ 54.
Kg2 Nxe5 55.fxe5 Re6 56.h4 h5 57.Kf3 R1xe5 58.Qc8+ Kg7 59.Qc3 Kh7 60.Qc7 
Re3+ 0-1

[Event "26th EUR-ch"]
[Site "Katowice POL"]
[Date "2026.04.15"]
[Round "8.18"]
[White "Santos Latasa, Jaime"]
[Black "Alexakis, Dimitris"]
[Result "1-0"]
[WhiteElo "2610"]
[BlackElo "2528"]
[EventDate "2026.04.07"]
[PlyCount "51"]

1.d4 Nf6 2.c4 e6 3.Nf3 Bb4+ 4.Nbd2 d5 5.Qa4+ Nc6 6.e3 a5 7.a3 Be7 8.b4 
dxc4 9.b5 Na7 10.Nxc4 b6 11.Nce5 O-O 12.Bd3 Bb7 13.Ng5 Rc8 14.h4 c5 15.Bb2
cxd4 16.Bxd4 Bc5 17.Bb2 Qd5 18.Ke2 Rcd8 19.Qc2 g6 20.Bc4 Qd6 21.h5 Bxe3 
22.fxe3 Ne4 23.Nxe4 Bxe4 24.Ng4 f6 25.Qxe4 Qd2+ 26.Kf3 1-0